MARC

LEADER 00000nam0a2200000 4500
001 325111
005 20231102003731.0
035 |a (RuTPU)RU\TPU\book\350722 
090 |a 325111 
100 |a 20161129d1980 m b0rusy50 ca 
101 0 |a rus 
102 |a RU 
105 |a y z 000zy 
200 1 |a Конституция РСФСР - основной Закон жизни республики  |f О. Е. Кутафин, М. А. Шафир 
210 |a Москва  |c Советская Россия  |d 1980 
215 |a 239 с. 
606 1 |a Конституция Российской Федерации  |2 stltpush  |3 (RuTPU)RU\TPU\subj\67771  |9 83437 
610 1 |a история 
610 1 |a общественный строй 
610 1 |a государство 
610 1 |a политика 
610 1 |a личность 
610 1 |a управление 
686 |a Х620.1  |v LBC/SL-A  |2 rubbk 
700 1 |a Кутафин  |b О. Е.  |g Олег Емельянович 
701 1 |a Шафир  |b М. А.  |g Марк Аркадьевич 
801 1 |a RU  |b 63413507  |c 20161129 
801 2 |a RU  |b 63413507  |c 20171205  |g RCR 
942 |c BK